000 00686nam a2200181 i 4500
001 161647
003 ES-MaACL
005 20251005063126.0
008 041022s1884 it af |||| | ita d
100 1 _aPellico, Silvio,
_d1789-1854
_9130947
245 1 3 _aLe mie prigioni
_b: aggiuntivi i capitoli inediti /
_cSilvio Pellico ; ed. illustrate da Tony Johannot.
260 _aMilano :
_bEdardo Sonzogno,
_c1884.
300 _a236 p., [18] h. lám. :
_bil. ;
_c27 cm.
700 1 _aJohannot, Tony,
_d1803-1852
_9128329
752 _aItalia -
_dMilán
852 _aES-MaACL
_jG-6188
_z- Enc. ed. en tela verde, con planchas en negro y hierros dorados
999 _c161647
_d161647